|
|
|
|
| LEADER |
00000csc a2200000 a 4500 |
| 001 |
76803-8 |
| 005 |
20230308212620.0 |
| 008 |
000000|1958 ||||||||r|||||||||||spa|| |
| 040 |
|
|
|b spa
|
| 041 |
1 |
|
|a spa
|
| 082 |
0 |
|
|a 657
|
| 100 |
1 |
|
|a Casas Alatriste, Roberto, dir.
|9 52354
|
| 245 |
|
|
|a Auditoría
|c Ernest Coulter Davies, Lester M. Elliot, colab., Marin Civera, trad.
|h imp
|
| 250 |
|
|
|a 2a ed., abr.
|
| 264 |
|
|
|a México
|b Unión Tipográfica editorial Hispano Américana
|c 1958
|
| 300 |
|
|
|a 410 páginas:
|c 24.5 cm
|
| 490 |
|
|
|a Curso Completo de Contabilidad
|
| 650 |
1 |
|
|a Contabilidad
|9 12135
|
| 650 |
1 |
|
|a Auditoria
|9 39836
|
| 700 |
1 |
|
|a Coulter Davies, Ernest
|9 293485
|
| 852 |
|
|
|a UC-CDJBV
|c ESTANTERIA CERRADA
|f Compra
|k alicia.criollo
|l 1
|m General
|p 00000000
|t 76803-8
|b 0
|d CDRC
|e CDRC
|g 657 ESTANTERIA CERRADA
|z 0000-00-00
|
| 942 |
|
|
|
| 999 |
|
|
|c 122689
|d 122689
|